00752 a2200205 4500022001200000050002300012100002700035110003400062245018400096264004600280300001100326500004900337650003000386650001900416651001800435700002400453700002700477700002500504710001700529 Ino issn00aKTL19.A35 SOU 1975 aDuncan, Graemeeeditor aSupreme Court of South Africa04aSouth African law reports 1975(2)April : bDecisions of the Supreme Court of South Africa, South-West Africa division, High court of Rhodesia /cGraeme Duncan, M. Barnett ...et al aSouth Africa:bJuta and Company LTDc1975 a188p.: aIncludes bibliographical reference and index 0aLaw reports, digests, etc 0aTable of cases 7aSouth Africa.1 aBarnett, M.eeditor1 aBuchanan, J.L.eeditor1 aFisher, D.S.eeditor1 aSouth Africa